| 000 | 00000nam##2200000za#4500 |
| 001 | 9.699065 |
| 003 | CaOODSP |
| 005 | 20241203113638 |
| 007 | cr ||||||||||| |
| 008 | 150407|2003||||xxc|||||o f|0| 0 eng|d |
| 040 | |aCaOODSP|beng |
| 043 | |an-cn--- |
| 086 | 1 |aEn14-159/2003E-PDF |
| 110 | 1 |aCanada. |bEnvironment Canada. |
| 245 | 10|aDowned woody debris / |h[electronic resource]|c[published by the] EMAN Ecosystem Monitoring Partnership. |
| 246 | 1 |aEMAN monitoring protocols and standards |
| 260 | |aOttawa - Ontario : |bEnvironment Canada |cJune 2003. |
| 300 | |a5p.|bfigs., references, table |
| 590 | |a14-21-Supp|b2014-12-11 |
| 690 | 07|aBiodegradation|2gcpds |
| 690 | 07|aEnvironmental management|2gcpds |
| 690 | 07|aForests|2gcpds |
| 775 | 08|tLes débris ligneux grossiers / |w(CaOODSP)9.643105 |
| 856 | 40|ahttp://publications.gc.ca|qPDF|s611 KB|uhttps://publications.gc.ca/collections/collection_2014/ec/En14-159-2003-eng.pdf |